000 00521nam a22001817a 4500
005 20251108171801.0
008 250721s1988 xx 000 0 ara d
082 1 4 _aم/211.8/محم
100 1 _aمهران، محمد بيومي
245 1 0 _aدراسات تاريخيه من القرآن الكريم /
250 _aط2
264 1 _aبيروت :
_bدار النهضة العربية،
_c1988.
300 _a
650 1 7 _aقصص القرآن
650 1 7 _aالعرب
942 _2ddc
_cREF
999 _c62422
_d62422